| 000 | 00903nam a2200241 a 4500 | ||
|---|---|---|---|
| 005 | 20090821135155.0 | ||
| 008 | 981001s1998 ii b 000 0 eng | ||
| 010 | _aENG-94793 | ||
| 020 | _c500.00 | ||
| 035 | _aEN-78326 | ||
| 037 | _bDBAD / PUB | ||
| 040 |
_adpl _bEnglish |
||
| 082 | _a307.760954 | ||
| 245 |
_aUrbanisation in India : _bpast and present / _cedited by Chittabrata Palit |
||
| 260 |
_aKolkata _bInstitute of Historical Studies _c2009 |
||
| 270 |
_a8/1, Loudon Street, _bKolkata _e700017 |
||
| 300 |
_a344p. _c23cm(Hb) |
||
| 650 |
_aUrbanization _zIndia. |
||
| 651 |
_aIndia _xSocial conditions _y1947- |
||
| 700 | _aPalit, Chittabrata | ||
| 942 |
_2ddc _cEN _mURB _h307.760954 |
||
| 999 |
_c29389 _d29389 |
||